The History and Adventures of the Renowned Don Quixote (Record no. 2945)

MARC details
000 -CABECERA
campo de control de longitud fija 02103nam a2200337 a 4500
001 - NÚMERO DE CONTROL
campo de control BRCA_3209
005 - FECHA Y HORA DE LA ÚLTIMA TRANSACCIÓN
campo de control 20190320204150.0
008 - DATOS DE LONGITUD FIJA--INFORMACIÓN GENERAL
campo de control de longitud fija 260209s1755----enka---###---#000-0#eng-#
041 ## - CÓDIGO DE LENGUA
Código de lengua del texto/banda sonora o título independiente eng
044 ## - CÓDIGO DEL PAÍS DE LA ENTIDAD EDITORA/PRODUCTORA
Código MARC del país enk
084 ## - OTRO NÚMERO DE CLASIFICACIÓN
Número de clasificación 510
Número de documento/Ítem .M55
-- 1755
100 1# - ENTRADA PRINCIPAL--NOMBRE DE PERSONA
Nombre de persona Cervantes Saavedra, Miguel de
Fechas asociadas al nombre 1547-1616
9 (RLIN) 213
245 10 - MENCIÓN DE TÍTULO
Título The History and Adventures of the Renowned Don Quixote
Mención de responsabilidad, etc. Translated fron the Spanish of Miguel de Cervantes Saavedra.
260 ## - PUBLICACIÓN, DISTRIBUCIÓN, ETC.
Lugar de publicación, distribución, etc. Londres
Nombre del editor, distribuidor, etc. A. Millar
Fecha de publicación, distribución, etc. 1755
300 ## - DESCRIPCIÓN FÍSICA
Extensión 2 v.
Otras características físicas il.
Dimensiones 30 cm.
500 ## - NOTA GENERAL
Nota general Contenido : v.1. Primera parte. Vida de Cervantes por Smollett. Nota del traductor. Prólogo del autor. -- v.2. Segunda parte. Prólogo del autor. Preliminares de la edición príncipe
500 ## - NOTA GENERAL
Nota general Edición : To wich is Prefixed, some Accound of the Author´s Life by T. Smollett. Illustrated with 28 new Copper-Plates, Designed by Hayman and Engraved by the Best Artists
500 ## - NOTA GENERAL
Nota general Traducción de Smollett, basada en la versión de Jarvis, a la que tras muchas enmiendas y correcciones transforma de modo tan notable, que la deja casi completamente desconocida. También muchas notas son resumen de las de Jarvis. Va ilustrada con láminas, obra del célebre dibujante Hayman, con los defectos usuales en los ilustradores extranjeros: Don Quijote y Sancho Panza son más ingleses que españoles. Suprime, así mismo las dos dedicatorias cervantinas, pero añade una biografía de Cervantes que no aporta nada nuevo. Hermosa edición lujosamente impresa con bellos tipos y excelente papel. Piel Lúdovik Osterc
500 ## - NOTA GENERAL
Nota general Estado físico : Encuadernación desprendida
500 ## - NOTA GENERAL
Nota general Con ex-libris de : T. D. Bland Esq.
500 ## - NOTA GENERAL
Nota general Errata al final del volumen 2
500 ## - NOTA GENERAL
Nota general QM413
546 ## - NOTA DE LENGUA/LENGUAJE
Nota de lengua/lenguaje Texto en : inglés
650 14 - PUNTO DE ACCESO ADICIONAL DE MATERIA--TÉRMINO DE MATERIA
Término de materia o nombre geográfico como elemento de entrada Novela española
Subdivisión cronológica Época clásica, 1500-1700
9 (RLIN) 215
650 14 - PUNTO DE ACCESO ADICIONAL DE MATERIA--TÉRMINO DE MATERIA
Término de materia o nombre geográfico como elemento de entrada Literatura española
Subdivisión cronológica Época clásica, 1500-1700
9 (RLIN) 216
650 14 - PUNTO DE ACCESO ADICIONAL DE MATERIA--TÉRMINO DE MATERIA
Término de materia o nombre geográfico como elemento de entrada Novela española
Subdivisión cronológica Siglo XVII
9 (RLIN) 217
650 14 - PUNTO DE ACCESO ADICIONAL DE MATERIA--TÉRMINO DE MATERIA
Término de materia o nombre geográfico como elemento de entrada Don Quijote (Personaje ficticio)
Término indicativo de función/relación Novela
9 (RLIN) 218
740 0# - PUNTO DE ACCESO ADICIONAL--TÍTULO RELACIONADO O ANALÍTICO NO CONTROLADO
Título relacionado o analítico no controlado El Ingenioso Hidalgo Don Quijote de la Mancha
902 ## - CATALOGADOR
Iniciales QFM
942 ## - ELEMENTOS DE PUNTO DE ACCESO ADICIONAL (KOHA)
Fuente del sistema de clasificación o colocación Library of Congress Classification
Tipo de ítem Koha Libros
Holdings
Estado de retiro Estado de pérdida Estado dañado No para préstamo Localización permanente Ubicación/localización actual Fecha de adquisición Número de inventario Total de préstamos Signatura topográfica completa Código de barras Fecha visto por última vez Precio válido a partir de Tipo de ítem Koha
El ejemplar forma parte de la colección y puede ser consultado según las políticas vigentes.       Biblioteca del Museo Franz Mayer (Rogerio Casas-Alatriste) Biblioteca del Museo Franz Mayer (Rogerio Casas-Alatriste) 26/02/2009 QM413   510 .M55 1755 (QM413) 3206 22/03/2019 22/03/2019 Libros